00000000nam##2200000za#4500
0019.615281
003CaOODSP
00520241203113634
007ta
008150406|2001||||xxc|||||     f|0| 0 eng|d
020 |a0-662-29248-0
040 |aCaOODSP|beng
043 |an-cn---
0861 |aEn40-215/57E
1101 |aCanada. |bEnvironment Canada.
24510|aNonylphenol and its ethoxylates
260 |aOttawa - Ontario : |bEnvironment Canada |c2001.
300 |aix, 97p. : |bgraphs, references, tables ; |c28 cm.
4901 |aPriority substances list assessment report
563 |aSpiral binding
590 |a01-28|b2001-07-13
69007|aToxic substances|2gcpds
69007|aEnvironmental impact|2gcpds
69007|aToxicology|2gcpds
69007|aChemical products|2gcpds
7760#|tNonylphenol and its ethoxylates / |w(CaOODSP)9.571377
830#0|aPriority substances list assessment report.|w(CaOODSP)9.514568